Tovaroznalectvo : nepotravinársky tovar e-learningový kurz : portál KEGA 006EU-4/2011

Guardado en:
Detalles Bibliográficos
Autor principal: Dudeková, Alena, 1986-
Autor Corporativo: Obchodná fakulta EU. Katedra tovaroznalectva a kvality tovaru
Otros Autores: Knošková, Ľubica, 1965-
Formato: Libro
Lenguaje:eslovaco
Publicado: Bratislava 2014
Materias:
Etiquetas: Agregar Etiqueta
Sin Etiquetas, Sea el primero en etiquetar este registro!

MARC

LEADER 00000nam a2200000 4500
001 0199951
005 20240530102009.4
041 0 |a slo 
044 |a SK 
245 1 0 |a Tovaroznalectvo : nepotravinársky tovar  |b e-learningový kurz : portál KEGA 006EU-4/2011  |c Alena Dudeková, Ľubica Knošková 
264 1 |a Bratislava  |c 2014 
300 |a [4 s.] 
610 2 0 |a tovaroznalectvo 
610 2 0 |a tovar spotrebný 
610 2 0 |a kovy drahé 
100 1 |a Dudeková, Alena, 1986- 
700 1 |a Knošková, Ľubica, 1965- 
710 2 |a Obchodná fakulta EU. Katedra tovaroznalectva a kvality tovaru